000 00431nam a22001577a 4500
999 _c894
_d894
008 191230b ||||| |||| 00| 0 eng d
082 0 0 _a621.9
_bF231
100 _9460
_aFarley, H. E. J.
245 1 0 _aElementary measurement and gauging : A manual for trainees
_cby H E J Farley
250 _a1st
260 _aLondon
_bBlackie & Son
_c1942
300 _aviii,104p.
365 _b1.10
650 0 _aMeasuring instruments
942 _cBK